The seven Chinese sisters / (Record no. 1396)

MARC details
000 -LEADER
fixed length control field 00909nam a22002777a 4500
005 - DATE AND TIME OF LATEST TRANSACTION
control field 20260325152011.0
020 ## - INTERNATIONAL STANDARD BOOK NUMBER
International Standard Book Number 0807573094 (hardcover)
020 ## - INTERNATIONAL STANDARD BOOK NUMBER
International Standard Book Number 9780439595087
040 ## - CATALOGING SOURCE
Original cataloging agency DLC
Transcribing agency DLC
Modifying agency DLC
Language of cataloging eng
050 00 - LIBRARY OF CONGRESS CALL NUMBER
Classification number PZ7.T82255
Item number Se 2003
082 00 - DEWEY DECIMAL CLASSIFICATION NUMBER
Classification number [E]
Edition number 21
100 1# - MAIN ENTRY--PERSONAL NAME
Personal name Tucker, Kathy.
245 14 - TITLE STATEMENT
Title The seven Chinese sisters /
Statement of responsibility, etc. written by Kathy Tucker ; illustrated by Grace Lin.
260 ## - PUBLICATION, DISTRIBUTION, ETC.
Place of publication, distribution, etc. Morton Grove ::
Name of publisher, distributor, etc. Scholastic,
Date of publication, distribution, etc. 2003
300 ## - PHYSICAL DESCRIPTION
Extent 25 unnumbered pages :
Other physical details color illustrations ;
Dimensions 23 x 28 cm.
505 ## - FORMATTED CONTENTS NOTE
Formatted contents note K
520 ## - SUMMARY, ETC.
Summary, etc. When a dragon snatches the youngest of seven talented Chinese sisters, the other six come to her rescue.
521 ## - TARGET AUDIENCE NOTE
Target audience note 650 <br/>
Source Lexile
521 ## - TARGET AUDIENCE NOTE
Target audience note K <br/>
Source Raz-Plus
650 #1 - SUBJECT ADDED ENTRY--TOPICAL TERM
Topical term or geographic name entry element Sisters
Form subdivision Fiction.
650 #1 - SUBJECT ADDED ENTRY--TOPICAL TERM
Topical term or geographic name entry element Dragons
Form subdivision Fiction.
700 1# - ADDED ENTRY--PERSONAL NAME
Personal name Lin, Grace
Relator term illustrator
906 ## - LOCAL DATA ELEMENT F, LDF (RLIN)
a 7
b cbc
c orignew
d 1
e ecip
f 20
g y-gencatlg
942 ## - ADDED ENTRY ELEMENTS (KOHA)
Source of classification or shelving scheme Dewey Decimal Classification
Koha item type Books
Suppress in OPAC No
999 ## -
-- 1396
-- 1396
Holdings
Withdrawn status Lost status Source of classification or shelving scheme Damaged status Not for loan Collection Home library Current library Shelving location Date acquired Total Checkouts Full call number Barcode Date last seen Copy number Price effective from Koha item type
    Dewey Decimal Classification     Juvenile Fiction Footprints International School Library Network Toul Kork Campus Footprints International School Library Network Toul Kork Campus TK Primary Library Room(4th Floor), Bookcase 3&4, Shelves 17-32, Yellow Books 08/23/2023   TUC 398.2 PZ7.T82255 FISTK01969 08/23/2023 1 08/23/2023 Books
    Dewey Decimal Classification     Juvenile Fiction Footprints International School Library Network Toul Tom Poung Campus Footprints International School Library Network Toul Tom Poung Campus TTP Primary Yellow Bookshelves 03/25/2026   TUC 398.2 PZ7.T82255 FISBK06021 03/25/2026 2 03/25/2026 Books